00475 2200193 4500001002100000005001500021008004100036020001800077035001900095041000700114082001400121090001400135100002100149245004300170250000600213260003300219300001800252650001100270INLIS00000000001352920241224114556241224||||||||| | ||| |||| || |  a979-756-120-9 0010-1224013529 aid0 a420 BAM t a420 BAM t0 abambang setiyadi00aTeaching English As A Foreign Language a1 aYogyakartabGraha Ilmuc2006 a196 hlm,;23cm 0aBahasa